Villes du Pas-de-Calais en images - Statistiques

Statistiques générales
  • Ce quiz a été pris 129 fois
  • Le résultat moyen est 8 sur 18
Statistiques - réponses
Par images Hint Réponse % Correct
C Calais
90%
A Arras
85%
L Lens
84%
B Béthune
69%
L (T) Le Touquet-Paris-Plage
67%
B Berck
66%
S Saint-Omer
51%
L Liévin
48%
B Boulogne-sur-Mer
43%
W Wissant
43%
N Nœux-les-Mines
40%
B Bruay-la-Buissière
29%
C Courrières
20%
S Saint-Pol-sur-Ternoise
15%
C Carvin
14%
D Desvres
11%
M Marquise
7%
F Fleurbaix
4%
Aucun quiz correspondant
Distribution des résultats
% des personnes avec chaque résultat
Percentile par nombre de réponses
Votre historique - résultats
Vous n’avez pas pris ce quiz